000 00341nam a22001457a 4500
020 _a978-81-8482-061-4
082 _a823
_bPAI/G
100 _aPAI, ANANT
245 _aTHE GIANT AND THE DWARF
260 _aMUMBAI
_bAMAR CHITHA KATHA
300 _a30
520 _aENGLISH SHORT STORY
650 _aENGLISH SHORT STORY
_zMUMBAI
942 _cBK
999 _c5305
_d5305